| 000 | 00348pam a2200133 a 4500 | ||
|---|---|---|---|
| 020 | _c | ||
| 041 | _h | ||
| 082 |
_a659.11 _bKEN |
||
| 100 | _aMagdakene Keaney . | ||
| 245 |
_aThe World Top Photographers workshops fashion & Advertising _hTextual Documents |
||
| 260 |
_a[s.l]: _bRptovision SA , _c2007. |
||
| 300 |
_a176: _bHard. |
||
| 930 | _a5785 | ||
| 999 |
_c239575 _d239575 |
||